Datum a čas kvízu

39.5 Celkem bodů Celkový počet nahraných bodů na tomto kvízu bez doplňovacích otázek.
5. Pořadí na kvízu Konečné umístění týmu na tomto kvízu.

Zaznamenané odpovědi

# Otázka Odpověď Body Výsledky
1. Ve svatovítské katedrále se v... Petr Fiala 0
2. V rakouském St. Pölten se na t... o losa 1
3. V noci z neděle na pondělí min... Adolescent (Adolescence) 1
4. Společnost China Eastern Airli... Buenos Aires 1
5. V neděli začalo mistrovství sv... ve Rwandě 1
6. Ve spolupráci s Radou Evropy j... 1D 2C 3A 4B 1
7. Co znamená maďarské slovo hétf... pondělí 0
8. Jak se na V jmenuje autonomní... Vojvodina 1
9. Která z těchto knih nebyla nap... B 0
10. Pozoruhodným jazykem je velšti... slunéčko (beruška) 0